000 00956nam0a2200301 i 4500
001 RU\NLR\bibl\1902531
005 20240726073507.0
010 _a9785271422560
_95000
021 _aRU
_b2012-29922
_92224
035 _a(NLR Aleph) 001892143
090 _a2934335
_c2934335
100 _a20120514d2012 u y0rusy50 ca
101 0 _arus
102 _aRU
105 _ay |||||||||
200 1 _aАреал
_iЗаражение
_iЦена алчности
_e[фантастические романы]
_fСергей Тармашев
210 _aМосква
_cАстрель
_d2012
215 _a695, [2] с.
_d21
320 _aДр. работы авт.: с. 2
686 _aШ6(2=Р)8-445
700 1 _aТармашев
_bС. С.
_gСергей Сергеевич
_4070
801 0 _aRU
_bNLR
_c20120514
_gRCR
801 1 _aRU
_bNLR
_c20120514
830 _aавт. по кн.
942 _cBOOK
980 _aNBR